[Event "SK Münster 1 - Oberhausener SV 1"]
[Site "NRW-Klasse, Gruppe 2 2012/201"]
[Date "2013.01.20"]
[Round "5.7"]
[White "Joergens, Markus"]
[Black "Kamp, Christoph"]
[Result "0-1"]
[WhiteElo "2074"]
[BlackElo "2165"]
[PlyCount "173"]
[EventDate "2013.??.??"]
[WhiteTeam "Oberhausener SV 1"]
[BlackTeam "SK Münster 1"]

1. d4 d5 2. c4 e6 3. Nf3 c6 4. e3 Bd6 5. Bd3 f5 6. O-O Nf6 7. b3 Qe7 8. Bb2 O-O
9. Qc1 b6 10. Ba3 Bb7 11. Bxd6 Qxd6 12. cxd5 cxd5 13. Nc3 Nc6 14. a3 Rac8 15.
Qb2 Ne4 16. Rac1 Qe7 17. Ne2 Rfd8 18. Rc2 g5 19. Rfc1 h6 20. Bb5 Nb8 21. Ne5
Rxc2 22. Qxc2 Nd6 23. Bd3 Rc8 24. Qb2 Rxc1+ 25. Qxc1 Qd8 26. Ng3 Qc8 27. Qd1
Qc7 28. Nh5 Ne8 29. Bb5 Bc6 30. Bd3 Qd6 31. b4 Nd7 32. Qc1 Nxe5 33. dxe5 Qd7
34. Qc3 Kf7 35. f4 Qc7 36. Ng3 Bb5 37. Qd2 Bxd3 38. Qxd3 Qc4 39. Qd1 Ng7 40.
Qa4 gxf4 41. Qxa7+ Kg6 42. exf4 Qd4+ 43. Kf1 Qxf4+ 44. Kg1 Qe3+ 45. Kf1 Qf4+
46. Kg1 Qd4+ 47. Kf1 Qxe5 48. Qxb6 Qa1+ 49. Kf2 Qxa3 50. Ne2 Qb2 51. Kf3 Qb3+
52. Kf2 Qb2 53. Kf3 Qe5 54. g3 Kh7 55. Qd4 Qd6 56. Nf4 e5 57. Qxd5 e4+ 58. Kg2
Qxb4 59. Ne2 Qb2 60. Kf2 Qb6+ 61. Kg2 Qe3 62. Nf4 Qf3+ 63. Kg1 Qe3+ 64. Kg2 Qb6
65. Qe5 Qc6 66. Nd5 Qe6 67. Qd4 Nh5 68. Qa7+ Kg6 69. Qb7 Qf7 70. Qc6+ Nf6 71.
Nf4+ Kh7 72. Ne6 Ng4 73. Qd6 Qa7 74. Nf8+ Kh8 75. Ng6+ Kg7 76. Qe7+ Qxe7 77.
Nxe7 Kf6 78. Nd5+ Ke5 79. Ne7 Nf6 80. h3 Nd5 81. Nc6+ Kd6 82. Nd4 Ne7 83. Kf2
Ke5 84. Nb5 h5 85. h4 f4 86. gxf4+ Kxf4 87. Nd6 0-1

[Event "SK Münster 1 - Oberhausener SV 1"]
[Site "NRW-Klasse, Gruppe 2 2012/201"]
[Date "2013.01.20"]
[Round "5.8"]
[White "Chilla, Jan Eric"]
[Black "Wieder, Heiner"]
[Result "1-0"]
[WhiteElo "2132"]
[BlackElo "2043"]
[PlyCount "41"]
[EventDate "2013.??.??"]
[WhiteTeam "SK Münster 1"]
[BlackTeam "Oberhausener SV 1"]

1. d4 f5 2. c4 Nf6 3. Nc3 g6 4. h4 Bg7 5. Nh3 Nc6 6. Nf4 e5 7. dxe5 Nxe5 8. h5
d6 9. g3 c6 10. hxg6 hxg6 11. Rxh8+ Bxh8 12. e3 Qe7 13. Bd2 Be6 14. Nxe6 Qxe6
15. Qe2 O-O-O 16. O-O-O d5 17. cxd5 Nxd5 18. a3 Nd3+ 19. Qxd3 Nxc3 20. Qxd8+
Kxd8 21. Bxc3+ 1-0

[Event "SF Neuenkirchen 1 - Gütersloher SV 1"]
[Site "NRW-Klasse, Gruppe 2 2012/201"]
[Date "2013.01.20"]
[Round "5.1"]
[White "Ebert, Manuel"]
[Black "Rieke, Theo"]
[Result "1/2-1/2"]
[WhiteElo "2105"]
[BlackElo "1989"]
[PlyCount "34"]
[EventDate "2013.??.??"]
[WhiteTeam "Gütersloher SV 1"]
[BlackTeam "SF Neuenkirchen 1"]

1. e4 g6 2. d4 Bg7 3. Nc3 d6 4. Be3 c6 5. a4 Nf6 6. Be2 Qa5 7. Qd2 Nbd7 8. h3
O-O 9. Nf3 e5 10. O-O exd4 11. Nxd4 Re8 12. Rfe1 Qc7 13. Bd3 Nc5 14. Bf4 Nh5
15. Be3 Nf6 16. Bf4 Nh5 17. Be3 Nf6 1/2-1/2

[Event "SF Neuenkirchen 1 - Gütersloher SV 1"]
[Site "NRW-Klasse, Gruppe 2 2012/201"]
[Date "2013.01.20"]
[Round "5.2"]
[White "Haves, Reinhard"]
[Black "Peter, Sebastian"]
[Result "1/2-1/2"]
[WhiteElo "2174"]
[BlackElo "2031"]
[PlyCount "54"]
[EventDate "2013.??.??"]
[WhiteTeam "SF Neuenkirchen 1"]
[BlackTeam "Gütersloher SV 1"]

1. Nf3 c5 2. c4 Nc6 3. Nc3 e5 4. e3 Nf6 5. d4 d6 6. d5 Ne7 7. e4 g6 8. Be2 Bg7
9. a3 O-O 10. Rb1 Nh5 11. g3 h6 12. Nh4 Nf6 13. g4 Nh7 14. h3 Nxd5 15. Qxd5
Qxh4 16. Qxd6 b6 17. Qd3 Be6 18. Qg3 Qxg3 19. fxg3 f5 20. Be3 f4 21. Bf2 Nf6
22. Rd1 Rad8 23. b3 Rxd1+ 24. Kxd1 Rd8+ 25. Kc2 g5 26. Bf3 Kf7 27. Nd5 Ne8
1/2-1/2

[Event "SF Neuenkirchen 1 - Gütersloher SV 1"]
[Site "NRW-Klasse, Gruppe 2 2012/201"]
[Date "2013.01.20"]
[Round "5.3"]
[White "Scharnowski, Tobias"]
[Black "Wilde, Pierre"]
[Result "1/2-1/2"]
[WhiteElo "2011"]
[BlackElo "2253"]
[PlyCount "66"]
[EventDate "2013.??.??"]
[WhiteTeam "Gütersloher SV 1"]
[BlackTeam "SF Neuenkirchen 1"]

1. e4 c5 2. Nf3 a6 3. c3 d5 4. exd5 Qxd5 5. d4 e6 6. Bd3 Nf6 7. O-O Be7 8. Re1
O-O 9. c4 Qd8 10. Nc3 cxd4 11. Nxd4 Qc7 12. Be3 b6 13. Qf3 Bb7 14. Bf4 Qd7 15.
Ne4 Nc6 16. Qh3 g6 17. Nxc6 Bxc6 18. Be5 Nxe4 19. Bxe4 Bxe4 20. Rxe4 Qc6 21.
Rae1 Rad8 22. Bc3 Bf6 23. Qe3 Bxc3 24. Qxc3 Rd6 25. Rd4 Rfd8 26. Red1 Rxd4 27.
Rxd4 Rxd4 28. Qxd4 Qa4 29. a3 e5 30. Qd3 Qc6 31. b4 Kf8 32. g3 Ke7 33. h4 a5
1/2-1/2

[Event "SF Neuenkirchen 1 - Gütersloher SV 1"]
[Site "NRW-Klasse, Gruppe 2 2012/201"]
[Date "2013.01.20"]
[Round "5.4"]
[White "Buendgen, Achim"]
[Black "Plaßmann, Dominik"]
[Result "1-0"]
[WhiteElo "2216"]
[BlackElo "2024"]
[PlyCount "77"]
[EventDate "2013.??.??"]
[WhiteTeam "SF Neuenkirchen 1"]
[BlackTeam "Gütersloher SV 1"]

1. e4 c5 2. b3 e6 3. Bb2 d5 4. exd5 exd5 5. Nf3 Nf6 6. Bb5+ Bd7 7. Qe2+ Qe7 8.
Bxf6 gxf6 9. Qxe7+ Bxe7 10. Bxd7+ Kxd7 11. Nc3 Kc6 12. d4 b6 13. dxc5 bxc5 14.
O-O-O Rd8 15. Rhe1 Bf8 16. Nh4 Na6 17. Nf5 Nc7 18. Ne7+ Bxe7 19. Rxe7 Rf8 20.
Rd3 Rae8 21. Rxe8 Rxe8 22. Rf3 Re6 23. Kd2 h5 24. Ne2 Ne8 25. Rh3 Nd6 26. Ng3
Re5 27. f4 Re7 28. Rxh5 c4 29. Rh6 d4 30. bxc4 Kc5 31. Rh5+ Kxc4 32. Ra5 Re3
33. Rxa7 Kb5 34. Rd7 Nc4+ 35. Kd1 Kc5 36. Nf5 Re4 37. Rc7+ Kd5 38. Rxc4 Rxf4
39. Rxd4+ 1-0

[Event "SF Neuenkirchen 1 - Gütersloher SV 1"]
[Site "NRW-Klasse, Gruppe 2 2012/201"]
[Date "2013.01.20"]
[Round "5.5"]
[White "Hanhoerster, Stephan"]
[Black "Seegers, Hendrik"]
[Result "1-0"]
[WhiteElo "2115"]
[BlackElo "2178"]
[PlyCount "113"]
[EventDate "2013.??.??"]
[WhiteTeam "Gütersloher SV 1"]
[BlackTeam "SF Neuenkirchen 1"]

1. Nf3 d5 2. c4 e6 3. g3 c6 4. Bg2 Nf6 5. O-O Be7 6. d4 O-O 7. Qc2 Nbd7 8. b3
b6 9. Ne5 Nxe5 10. dxe5 Nd7 11. Bb2 Bb7 12. Nd2 Rc8 13. Rac1 c5 14. cxd5 Bxd5
15. e4 Bb7 16. Nc4 Ba6 17. Rfd1 Qc7 18. Nd6 Rcd8 19. f4 Nb8 20. Qc3 Rd7 21. b4
Rfd8 22. f5 exf5 23. e6 Bf6 24. e5 fxe6 25. exf6 Rxd6 26. Rxd6 Rxd6 27. fxg7
Nd7 28. Qe3 Bb7 29. bxc5 bxc5 30. Bxb7 Qxb7 31. Be5 Rd5 32. Bc3 Qb6 33. Ba5 Qa6
34. Rb1 e5 35. Qg5 Qd3 36. Rf1 Qd4+ 37. Kg2 e4 38. Rxf5 Rxf5 39. Qxf5 Kxg7 40.
Bc7 e3 41. Qe6 Qd2+ 42. Kh3 e2 43. Qe7+ Kg6 44. Qe8+ Kg7 45. Qe7+ Kg8 46. Qe6+
Kg7 47. Bf4 e1=Q 48. Qh6+ Kg8 49. Bxd2 Qf1+ 50. Kh4 Qf6+ 51. Qxf6 Nxf6 52. Be3
Ne4 53. Kg4 a6 54. Kf5 Nc3 55. a3 c4 56. Ke5 Kf7 57. Bd2 1-0

[Event "SF Neuenkirchen 1 - Gütersloher SV 1"]
[Site "NRW-Klasse, Gruppe 2 2012/201"]
[Date "2013.01.20"]
[Round "5.6"]
[White "Beckmann, Klaus"]
[Black "Grochtmann, Stephan"]
[Result "0-1"]
[WhiteElo "2082"]
[BlackElo "2030"]
[PlyCount "82"]
[EventDate "2013.??.??"]
[WhiteTeam "SF Neuenkirchen 1"]
[BlackTeam "Gütersloher SV 1"]

1. e4 e5 2. Nf3 Nc6 3. Bb5 f5 4. d3 fxe4 5. dxe4 Nf6 6. Nc3 Bb4 7. O-O Bxc3 8.
bxc3 d6 9. Qd3 O-O 10. Bc4+ Kh8 11. a4 Qe8 12. Bd5 Nxd5 13. exd5 e4 14. Qe3
exf3 15. Qxe8 Rxe8 16. dxc6 fxg2 17. Kxg2 bxc6 18. Be3 Bf5 19. Rfb1 c5 20. Ra2
Be4+ 21. Kf1 Bc6 22. a5 Kg8 23. Ke1 Kf7 24. Kd2 Rab8 25. Rab2 Rxb2 26. Rxb2 a6
27. c4 Ke6 28. Rb1 Kd7 29. Kc3 Be4 30. h4 g6 31. Re1 Bf5 32. Rd1 Kc6 33. Re1
Re4 34. Bd2 Rxh4 35. Re7 h5 36. Re8 Rh2 37. Be3 h4 38. Ra8 Kb7 39. Rh8 h3 40.
Kd2 Rh1 41. Bf4 Ra1 0-1

[Event "SF Neuenkirchen 1 - Gütersloher SV 1"]
[Site "NRW-Klasse, Gruppe 2 2012/201"]
[Date "2013.01.20"]
[Round "5.7"]
[White "Krueger, Tim"]
[Black "Winnemoeller, Bernd"]
[Result "0-1"]
[WhiteElo "2046"]
[BlackElo "1975"]
[PlyCount "118"]
[EventDate "2013.??.??"]
[WhiteTeam "Gütersloher SV 1"]
[BlackTeam "SF Neuenkirchen 1"]

1. d4 Nf6 2. Nf3 g6 3. Nc3 d5 4. Bf4 Bg7 5. e3 Bf5 6. Ne5 c6 7. Qd2 Nbd7 8. Be2
Nxe5 9. Bxe5 Ne4 10. Nxe4 Bxe5 11. Ng3 Bd6 12. Nxf5 gxf5 13. c4 dxc4 14. Bxc4
e6 15. g3 Qe7 16. a3 O-O 17. O-O Kh8 18. Be2 Rad8 19. Qc2 Rg8 20. Kh1 Qg5 21.
Bf3 Rg6 22. Qe2 Rdg8 23. e4 f4 24. e5 Bc7 25. Qd2 Bb6 26. Rad1 Rh6 27. Qxf4
Qxf4 28. gxf4 Rh4 29. Rg1 Rxg1+ 30. Kxg1 Rxf4 31. Kg2 Rxd4 32. Rxd4 Bxd4 33. b3
Kg7 34. h3 Bxe5 35. Bh5 f5 36. Be8 Kf6 37. Bd7 a5 38. Bc8 b6 39. Bd7 a4 40. b4
c5 41. bxc5 bxc5 42. Bxa4 Bb2 43. Bb3 Bxa3 44. f4 Bc1 45. Kf3 Bd2 46. Ba2 h6
47. Bb3 e5 48. fxe5+ Kxe5 49. Ba2 Kd4 50. Bb1 f4 51. Ke2 Kc3 52. Be4 c4 53. Bd5
Be3 54. Be6 Kb4 55. Bd5 Bc5 56. Be6 c3 57. Kd3 f3 58. Bd5 f2 59. Bg2 Kb3 0-1

[Event "SF Neuenkirchen 1 - Gütersloher SV 1"]
[Site "NRW-Klasse, Gruppe 2 2012/201"]
[Date "2013.01.20"]
[Round "5.8"]
[White "Hachmeister, Dirk"]
[Black "Minosjan, Artur"]
[Result "1/2-1/2"]
[WhiteElo "2180"]
[BlackElo "1985"]
[Annotator "Doe,John"]
[PlyCount "84"]
[EventDate "2013.??.??"]
[WhiteTeam "SF Neuenkirchen 1"]
[BlackTeam "Gütersloher SV 1"]

1. Nf3 d6 2. g3 e5 3. Bg2 Be7 4. O-O h5 5. e4 h4 6. d4 hxg3 7. hxg3 Nc6 8. dxe5
dxe5 9. Qxd8+ Bxd8 10. Nbd2 Nf6 11. c3 Ng4 12. Nc4 Be6 13. Ne3 Nxe3 14. Bxe3
Be7 15. Rfd1 a5 16. a4 f6 17. Bf1 Kf7 18. Nd2 Rad8 $11 19. Bc4 Rd7 20. Bxe6+
Kxe6 21. Nc4 Rhd8 22. Rxd7 Rxd7 23. Kf1 Rd8 24. Ke2 Rd7 25. Rh1 Rd8 26. Rh5 b6
27. f4 Rg8 28. f5+ Kf7 29. Rh7 Rb8 30. g4 Kg8 31. Rh1 Kf7 32. Kf3 Rd8 33. g5
fxg5 34. Kg4 Rd3 35. Rh8 Bf8 36. Bxg5 Rd1 37. Rh2 Ra1 38. Rd2 Rg1+ 39. Kh5 Rh1+
40. Kg4 Rg1+ 41. Kh5 Rh1+ 42. Kg4 Rg1+ 1/2-1/2

[Event "SF Gerresheim 1 - SG Niederkassel. 1"]
[Site "NRW-Klasse, Gruppe 2 2012/201"]
[Date "2013.01.20"]
[Round "5.1"]
[White "Seel, Christian"]
[Black "Solodovnichenko, Yuri"]
[Result "0-1"]
[WhiteElo "2444"]
[BlackElo "2583"]
[PlyCount "84"]
[EventDate "2013.??.??"]
[WhiteTeam "SG Niederkassel. 1"]
[BlackTeam "SF Gerresheim 1"]

1. Nf3 d5 2. d4 c6 3. c4 e6 4. e3 Bd6 5. Nbd2 f5 6. Be2 Nd7 7. b3 Ngf6 8. Bb2
Ne4 9. O-O O-O 10. Ne5 Nxe5 11. dxe5 Bb4 12. Nxe4 fxe4 13. f4 exf3 14. Rxf3 Bd7
15. a3 Bc5 16. Bd4 Be7 17. Bd3 dxc4 18. Bxc4 c5 19. Bb2 b5 20. Bd3 Bc6 21. Rh3
h6 22. Qe2 Bh4 23. Rf1 Rxf1+ 24. Qxf1 a6 25. Qe2 Ra7 26. e4 Rd7 27. Bc1 c4 28.
bxc4 bxc4 29. Bc2 Bxe4 30. Rxh4 Bxc2 31. Rf4 Bd3 32. Qb2 Qc8 33. Bd2 Qc5+ 34.
Kh1 Qd5 35. h3 Be4 36. Bb4 a5 37. Bc3 Rb7 38. Qd2 Rb3 39. Kh2 Rxa3 40. Qe3 Bxg2
41. Rf2 Be4 42. Rf4 Ra2+ 0-1

[Event "SF Gerresheim 1 - SG Niederkassel. 1"]
[Site "NRW-Klasse, Gruppe 2 2012/201"]
[Date "2013.01.20"]
[Round "5.2"]
[White "Savchenko, Viacheslav"]
[Black "Stanetzek, Carsten"]
[Result "1-0"]
[WhiteElo "2336"]
[BlackElo "2196"]
[PlyCount "73"]
[EventDate "2013.??.??"]
[WhiteTeam "SF Gerresheim 1"]
[BlackTeam "SG Niederkassel. 1"]

1. e4 e5 2. Nf3 Nc6 3. Bb5 Nf6 4. d4 exd4 5. O-O Be7 6. e5 Ne4 7. Re1 Nc5 8.
Nxd4 O-O 9. Nf5 d6 10. Nxe7+ Nxe7 11. exd6 cxd6 12. Bg5 Ne6 13. Bh4 Qc7 14. Nc3
Nf5 15. Qg4 Nxh4 16. Qxh4 Qd8 17. Qg3 d5 18. Rad1 d4 19. Ne4 Kh8 20. Bc4 h6 21.
b3 Qa5 22. a4 a6 23. Nd6 Qc5 24. Qe5 Qxe5 25. Rxe5 Rb8 26. h4 Nd8 27. Re4 Nc6
28. Nxf7+ Kh7 29. Nd6 Bd7 30. Rde1 Rf6 31. Bd3 Nb4 32. Rxd4+ Nxd3 33. Rxd3 Bc6
34. Re7 Rbf8 35. Rg3 Rg6 36. Rxg6 Kxg6 37. Nxb7 1-0

[Event "SF Gerresheim 1 - SG Niederkassel. 1"]
[Site "NRW-Klasse, Gruppe 2 2012/201"]
[Date "2013.01.20"]
[Round "5.3"]
[White "Riedel, Holger"]
[Black "Dresen, Ulrich"]
[Result "1-0"]
[WhiteElo "2171"]
[BlackElo "2166"]
[PlyCount "123"]
[EventDate "2013.??.??"]
[WhiteTeam "SG Niederkassel. 1"]
[BlackTeam "SF Gerresheim 1"]

1. Nf3 d5 2. d4 Nf6 3. Bf4 c5 4. e3 Nc6 5. c3 Qb6 6. Qb3 c4 7. Qc2 Bf5 8. Qc1
e6 9. h3 Be7 10. Nbd2 Qd8 11. Be2 h6 12. Ne5 Nxe5 13. Bxe5 b5 14. O-O O-O 15.
Bf3 Bd3 16. Re1 Ne4 17. Bxe4 dxe4 18. a3 a5 19. Qd1 Bd6 20. Qh5 Rb8 21. Bxd6
Qxd6 22. b4 Qd5 23. Qh4 Rb7 24. f3 f5 25. f4 Ra8 26. bxa5 Rxa5 27. g4 fxg4 28.
hxg4 Ra8 29. Nf1 Rf8 30. Ra2 g5 31. Qxh6 Rh7 32. Qxg5+ Qxg5 33. fxg5 Rg7 34.
Nh2 Ra8 35. Kg2 Rxg5 36. Kg3 Kg7 37. Rea1 Kf6 38. Kf4 Rh8 39. Rb2 Ra8 40. Raa2
Kg6 41. Rb4 Rf8+ 42. Kg3 Rd5 43. a4 Ra8 44. a5 Ra6 45. Kf4 Rg5 46. Rbb2 Rd5 47.
Kg3 Kg5 48. Ra1 Kg6 49. Kh4 Rg5 50. Rf2 b4 51. cxb4 Rb5 52. Rf8 Rxb4 53. g5 Rb5
54. Ng4 Raxa5 55. Rxa5 Rxa5 56. Rg8+ Kf7 57. Rc8 Ra7 58. Ne5+ Kg7 59. Kg4 Ra1
60. Rc7+ Kg8 61. Kh5 Rf1 62. Kh6 1-0

[Event "SF Gerresheim 1 - SG Niederkassel. 1"]
[Site "NRW-Klasse, Gruppe 2 2012/201"]
[Date "2013.01.20"]
[Round "5.4"]
[White "Koehler, Markus"]
[Black "Mende, Andreas"]
[Result "1-0"]
[WhiteElo "2104"]
[BlackElo "2133"]
[PlyCount "101"]
[EventDate "2013.??.??"]
[WhiteTeam "SF Gerresheim 1"]
[BlackTeam "SG Niederkassel. 1"]

1. c4 Nf6 2. Nc3 d5 3. cxd5 Nxd5 4. g3 g6 5. Bg2 Nb6 6. Nf3 Bg7 7. O-O Nc6 8.
d3 O-O 9. Be3 e5 10. Bxb6 axb6 11. h4 h6 12. Kh2 Re8 13. Bh3 Bxh3 14. Kxh3 Qd7+
15. Kg2 Nd4 16. e3 Ne6 17. Ne1 Nc5 18. Qc2 f5 19. Rd1 c6 20. Nf3 Qf7 21. d4 e4
22. dxc5 exf3+ 23. Kxf3 bxc5 24. a3 b5 25. Ne2 c4 26. Rd2 c5 27. Kg2 Qb7+ 28.
Kg1 Qf3 29. Rfd1 Ra7 30. Rd7 Rxd7 31. Rxd7 Qc6 32. Rd2 Be5 33. h5 Rf8 34. hxg6
Qxg6 35. a4 Qc6 36. axb5 Qxb5 37. Nc3 Qb3 38. Qc1 Rb8 39. Qe1 Qb7 40. Qe2 Qf7
41. Qd1 Bxc3 42. bxc3 Qf6 43. Rd7 Qc6 44. Rd6 Qe4 45. Kh2 Rb2 46. Rd8+ Kf7 47.
Qd7+ Qe7 48. Qxf5+ Kg7 49. Qg4+ Qg5 50. Qd7+ Kf6 51. Qc6+ 1-0

[Event "SF Gerresheim 1 - SG Niederkassel. 1"]
[Site "NRW-Klasse, Gruppe 2 2012/201"]
[Date "2013.01.20"]
[Round "5.5"]
[White "Schracke, Guido"]
[Black "Van Lanen, Antoon"]
[Result "1/2-1/2"]
[WhiteElo "2079"]
[BlackElo "2123"]
[PlyCount "56"]
[EventDate "2013.??.??"]
[WhiteTeam "SG Niederkassel. 1"]
[BlackTeam "SF Gerresheim 1"]

1. e4 c5 2. c3 d5 3. exd5 Qxd5 4. Nf3 Nf6 5. Be2 Bg4 6. O-O Nc6 7. Na3 e6 8. d4
cxd4 9. Nb5 Rc8 10. Nbxd4 Nxd4 11. Nxd4 Bxe2 12. Qxe2 Bd6 13. Rd1 Qe5 14. Qxe5
Bxe5 15. Bg5 Nd5 16. Nf3 Bf6 17. g3 Ke7 18. Kf1 Rc4 19. Rd3 Rhc8 20. Re1 Kf8
21. Bxf6 gxf6 22. Nd2 R4c7 23. Re4 f5 24. Red4 Nf6 25. Ke2 Ke7 26. Nf3 Rc4 27.
Ne5 Rxd4 28. Rxd4 Rc5 1/2-1/2

[Event "SF Gerresheim 1 - SG Niederkassel. 1"]
[Site "NRW-Klasse, Gruppe 2 2012/201"]
[Date "2013.01.20"]
[Round "5.6"]
[White "Liedmann, Dennis"]
[Black "Bussard, Christian"]
[Result "1-0"]
[WhiteElo "2097"]
[BlackElo "2095"]
[Annotator "Doe,John"]
[PlyCount "69"]
[EventDate "2013.??.??"]
[WhiteTeam "SF Gerresheim 1"]
[BlackTeam "SG Niederkassel. 1"]

1. d4 Nf6 2. Nf3 e6 3. e3 b6 4. Bd3 Bb7 5. O-O c5 6. b3 Be7 7. Bb2 O-O 8. c4
Ne4 9. Nfd2 Nxd2 10. Nxd2 Bf6 11. Ne4 Na6 12. Qh5 Bxe4 13. Bxe4 g6 14. Qe2 Rb8
15. d5 d6 16. dxe6 fxe6 17. Rad1 Qe7 18. Bxf6 Rxf6 19. Qg4 Nc7 20. Rd2 Rbf8 $11
21. h4 Kg7 22. h5 Rd8 23. hxg6 hxg6 24. Qg5 Qf7 25. Rfd1 e5 26. f3 Ne6 27. Qg4
Nf8 28. Kf2 Qd7 29. Qg5 Ne6 30. Qxe5 Nd4 31. Qh2 Rh8 32. Qg3 d5 33. Bxg6 Rxg6
34. Qe5+ Kf7 35. Qxh8 1-0

[Event "SF Gerresheim 1 - SG Niederkassel. 1"]
[Site "NRW-Klasse, Gruppe 2 2012/201"]
[Date "2013.01.20"]
[Round "5.7"]
[White "Rybarczyk, Klaus"]
[Black "Bondarchuk, Vadim"]
[Result "1-0"]
[WhiteElo "2101"]
[BlackElo "1979"]
[PlyCount "103"]
[EventDate "2013.??.??"]
[WhiteTeam "SG Niederkassel. 1"]
[BlackTeam "SF Gerresheim 1"]

1. Nf3 d5 2. d4 e6 3. c4 c5 4. cxd5 exd5 5. g3 Nc6 6. Bg2 Nf6 7. O-O Be7 8. Be3
cxd4 9. Nxd4 O-O 10. Nc3 Bg4 11. Qa4 Na5 12. Bg5 Bd7 13. Qd1 Be6 14. Nxe6 fxe6
15. Bh3 Qd6 16. Nb5 Qb6 17. Nd4 e5 18. Ne6 Rfd8 19. Nxd8 Rxd8 20. Qc2 Nc6 21.
e3 h6 22. Bxf6 Bxf6 23. Bg2 Kh8 24. Rfd1 d4 25. Bxc6 bxc6 26. exd4 exd4 27. Rd3
c5 28. Rc1 Rc8 29. b3 Qb4 30. Qc4 a5 31. Qxb4 axb4 32. Kf1 Kg8 33. Rf3 Bg5 34.
Rc2 Be7 35. Ke2 Rc6 36. Kd3 g6 37. Re2 Bf6 38. Kc4 Kg7 39. Kd5 Rc8 40. Re6 d3
41. Rxd3 Bd4 42. Rd2 Rf8 43. f4 h5 44. Rde2 Bg1 45. Rc6 Ra8 46. Re7+ Kf8 47.
Rb7 Bxh2 48. Rxg6 Bg1 49. Rh6 Kg8 50. f5 Rxa2 51. f6 Bd4 52. Rg7+ 1-0

[Event "SF Gerresheim 1 - SG Niederkassel. 1"]
[Site "NRW-Klasse, Gruppe 2 2012/201"]
[Date "2013.01.20"]
[Round "5.8"]
[White "Niemers, Johannes"]
[Black "Wilke, Christopher"]
[Result "1/2-1/2"]
[WhiteElo "2003"]
[BlackElo "2003"]
[Annotator "Doe,John"]
[PlyCount "49"]
[EventDate "2013.??.??"]
[WhiteTeam "SF Gerresheim 1"]
[BlackTeam "SG Niederkassel. 1"]

1. e4 c6 2. d4 d5 3. exd5 cxd5 4. Nf3 Nf6 5. Nc3 Nc6 6. Bb5 Bg4 7. h3 Bxf3 8.
Qxf3 e6 9. Bg5 Be7 10. O-O-O Qc7 11. Bf4 Bd6 12. Bxd6 Qxd6 13. Rhe1 $11 a6 14.
Bxc6+ Qxc6 15. Rd3 Rc8 16. Qd1 b5 17. Nb1 Ne4 18. Re2 O-O 19. Nd2 Nd6 20. Nb3
b4 21. Rg3 Rc7 22. Qd2 Ne4 23. Rxe4 dxe4 24. Rxg7+ Kxg7 25. Qg5+ 1/2-1/2

[Event "Herforder SV KS 1 - SK KS Iserlohn 1"]
[Site "NRW-Klasse, Gruppe 2 2012/201"]
[Date "2013.01.20"]
[Round "5.1"]
[White "Scheider, Julian"]
[Black "Pieper-Emden, Carsten"]
[Result "1/2-1/2"]
[WhiteElo "2335"]
[BlackElo "2176"]
[Annotator "Doe,John"]
[PlyCount "97"]
[EventDate "2013.??.??"]
[WhiteTeam "SK KS Iserlohn 1"]
[BlackTeam "Herforder SV KS 1"]

1. e4 e5 2. Nf3 Nc6 3. d4 exd4 4. Nxd4 Nxd4 5. Qxd4 Qf6 6. e5 Qb6 7. Qxb6 axb6
8. Nc3 Bb4 9. Bd2 Ne7 10. a3 Ng6 11. O-O-O Bxc3 12. Bxc3 O-O 13. h4 Re8 14. Re1
d5 15. exd6 Rxe1+ 16. Bxe1 cxd6 17. h5 Ne5 18. f3 Bd7 19. Rh4 d5 20. Rb4 Nc4
21. Bxc4 dxc4 22. Rxc4 Bc6 23. Bc3 b5 24. Rg4 g6 25. hxg6 fxg6 26. Kd2 Rd8+ 27.
Ke2 Rd5 28. Rf4 Rf5 29. Rh4 h5 30. Rh1 Kf7 31. Kf2 Rd5 32. Re1 Rd8 33. Re2 Rd7
34. Bb4 Rc7 35. Kg3 Rd7 36. Re5 Kf6 37. f4 Rd5 38. Re2 Rd1 39. Bc5 Rd5 40. Bf8
Kf7 41. Bb4 g5 $11 42. fxg5 Rxg5+ 43. Kh2 Rg4 44. Be1 Rf4 45. Kg1 Re4 46. Rf2+
Ke6 47. Ba5 Rd4 48. Bd2 Rg4 49. Kf1 1/2-1/2

[Event "Herforder SV KS 1 - SK KS Iserlohn 1"]
[Site "NRW-Klasse, Gruppe 2 2012/201"]
[Date "2013.01.20"]
[Round "5.2"]
[White "Peist, Juergen"]
[Black "Naundorf, Maik"]
[Result "1-0"]
[WhiteElo "2201"]
[BlackElo "2058"]
[PlyCount "73"]
[EventDate "2013.??.??"]
[WhiteTeam "Herforder SV KS 1"]
[BlackTeam "SK KS Iserlohn 1"]

1. Nf3 b6 2. d4 Bb7 3. e3 e6 4. Bd3 c5 5. O-O Nf6 6. c4 cxd4 7. exd4 d5 8. cxd5
Nxd5 9. Ne5 a6 10. Qf3 Qc7 11. Be4 Nc6 12. Nxc6 Bxc6 13. Nc3 Rd8 14. Bf4 Qb7
15. Rac1 Be7 16. Be5 Bg5 17. Bxd5 Bxd5 18. Nxd5 Qxd5 19. Qxd5 Rxd5 20. Rc8+ Bd8
21. Bxg7 Rg8 22. Be5 Kd7 23. Rfc1 Rg6 24. Ra8 f6 25. Rcc8 fxe5 26. Rxd8+ Kc6
27. Rac8+ Kb7 28. Rxd5 exd5 29. Rd8 Kc6 30. dxe5 Rg4 31. f3 Rg6 32. Kf2 Kc5 33.
f4 Kd4 34. Rd6 Rg4 35. Kf3 Rh4 36. h3 Kc5 37. Kg3 1-0

[Event "Herforder SV KS 1 - SK KS Iserlohn 1"]
[Site "NRW-Klasse, Gruppe 2 2012/201"]
[Date "2013.01.20"]
[Round "5.3"]
[White "Messarius, Juergen"]
[Black "Wolf, Andre"]
[Result "1/2-1/2"]
[WhiteElo "2197"]
[BlackElo "2123"]
[PlyCount "56"]
[EventDate "2013.??.??"]
[WhiteTeam "SK KS Iserlohn 1"]
[BlackTeam "Herforder SV KS 1"]

1. e4 c5 2. Nf3 g6 3. d4 cxd4 4. Qxd4 Nf6 5. Nc3 Nc6 6. Qc4 d6 7. Bg5 Bg7 8.
O-O-O Be6 9. Qb5 Bd7 10. Bxf6 Bxf6 11. Nd5 Bg7 12. c3 Rb8 13. Qa4 a6 14. Qb3 b5
15. h4 b4 16. c4 h5 17. c5 dxc5 18. Ng5 e6 19. Qe3 Nd4 20. Qf4 O-O 21. Ne3 Qa5
22. Kb1 Ba4 23. Rc1 Rbc8 24. Nc4 Qc7 25. e5 f6 26. Ne4 fxe5 27. Qg3 Rcd8 28.
Ne3 Qf7 1/2-1/2

[Event "Herforder SV KS 1 - SK KS Iserlohn 1"]
[Site "NRW-Klasse, Gruppe 2 2012/201"]
[Date "2013.01.20"]
[Round "5.4"]
[White "Loemker, Michael"]
[Black "Schmuecker, Marcus"]
[Result "0-1"]
[WhiteElo "2071"]
[BlackElo "2170"]
[PlyCount "54"]
[EventDate "2013.??.??"]
[WhiteTeam "Herforder SV KS 1"]
[BlackTeam "SK KS Iserlohn 1"]

1. d4 e6 2. c4 f5 3. Nf3 Nf6 4. g3 d5 5. Bg2 c6 6. O-O Bd6 7. b3 Qe7 8. a4 a5
9. Ba3 Bxa3 10. Nxa3 Nbd7 11. Qc2 O-O 12. e3 Ne4 13. Nd2 b6 14. f3 Nd6 15. e4
f4 16. g4 dxe4 17. Nxe4 Bb7 18. Rfe1 e5 19. Qf2 Nxe4 20. Rxe4 Qb4 21. Qb2 exd4
22. Qxd4 Rad8 23. Rxf4 Nf6 24. Qf2 Rd2 25. Qf1 Qd6 26. Rf5 g6 27. Rg5 Ne4 0-1

[Event "Herforder SV KS 1 - SK KS Iserlohn 1"]
[Site "NRW-Klasse, Gruppe 2 2012/201"]
[Date "2013.01.20"]
[Round "5.5"]
[White "Klauke, Stefan"]
[Black "Bykovskij, Sergej"]
[Result "1/2-1/2"]
[WhiteElo "2130"]
[BlackElo "2042"]
[PlyCount "35"]
[EventDate "2013.??.??"]
[WhiteTeam "SK KS Iserlohn 1"]
[BlackTeam "Herforder SV KS 1"]

1. e4 c6 2. Nc3 d5 3. Nf3 Bg4 4. h3 Bh5 5. exd5 cxd5 6. d4 e6 7. Bb5+ Nc6 8.
Be3 Bb4 9. O-O Nge7 10. Be2 Nf5 11. Ne5 Nxe5 12. Bxh5 Nc4 13. Bc1 Bxc3 14. bxc3
Qa5 15. Qe1 Nfd6 16. Qxe6+ Kf8 17. Bxf7 Nxf7 18. Re1 1/2-1/2

[Event "Herforder SV KS 1 - SK KS Iserlohn 1"]
[Site "NRW-Klasse, Gruppe 2 2012/201"]
[Date "2013.01.20"]
[Round "5.6"]
[White "Hanisch, Bernd"]
[Black "Franke, Thomas"]
[Result "1/2-1/2"]
[WhiteElo "2001"]
[BlackElo "2028"]
[PlyCount "43"]
[EventDate "2013.??.??"]
[WhiteTeam "Herforder SV KS 1"]
[BlackTeam "SK KS Iserlohn 1"]

1. c4 c5 2. Nf3 Nc6 3. d4 cxd4 4. Nxd4 g6 5. Nc3 Bg7 6. Nc2 d6 7. g3 Be6 8. Ne3
Bxc3+ 9. bxc3 Nf6 10. Bg2 O-O 11. O-O Rc8 12. Nd5 Bxd5 13. cxd5 Ne5 14. Qb3 b6
15. Bg5 Rc5 16. Be3 Ra5 17. Bd4 Qc7 18. Rfd1 Rc8 19. Bh3 Rd8 20. Bg2 Rc8 21.
Bh3 Rd8 22. Bg2 1/2-1/2